El otro árbol de Guernica y Bilbao y sus escritores / (Record no. 42380)

MARC details
000 -LEADER
campo de control de longitud fija 00574nam a2200169 i 4500
001 - NÚMERO DE CONTROL
campo de control 42380
003 - IDENTIFICADOR DE NÚMERO DE CONTROL
campo de control ES-MaACL
005 - FECHA Y HORA DE LA ÚLTIMA TRANSACCIÓN
campo de control 20230906160612.0
007 - CAMPO FIJO DE DESCRIPCIÓN FÍSICA--INFORMACIÓN GENERAL
campo de control de longitud fija t|
008 - DATOS DE LONGITUD FIJA--INFORMACIÓN GENERAL
campo de control de longitud fija 030313s1968 sp ||||1| spa d
100 1# - ENTRADA PRINCIPAL--NOMBRE DE PERSONA
Nombre de persona Castresana, Luis de.
9 (RLIN) 36806
245 13 - MENCIÓN DEL TÍTULO
Título El otro árbol de Guernica y Bilbao y sus escritores /
Mención de responsabilidad, etc. [conferencia por Luis de Castresana en el Ateneo de Bilbao el 30 de mayo de 1968].
260 ## - PUBLICACIÓN, DISTRIBUCIÓN, ETC.
Lugar de publicación, distribución, etc. [Bilbao] :
Nombre del editor, distribuidor, etc. Caja de Ahorros Vizcaína,
Fecha de publicación, distribución, etc. 1968.
300 ## - DESCRIPCIÓN FÍSICA
Extensión 29 p. ;
Dimensiones 17 cm.
710 2# - ENTRADA AGREGADA--NOMBRE DE ENTIDAD CORPORATIVA
Nombre de entidad corporativa o nombre de jurisdicción como elemento de entrada Ateneo de Bilbao.
9 (RLIN) 1858
852 ## - LOCALIZACIÓN
Ubicación ES-MaACL
Número de control de estantería 2064-F-19
Sublocalización o colección R.72318
Holdings
Estatus retirado Estado de pérdida Estado de daño No para préstamo Colección Biblioteca de origen Biblioteca actual Ubicación en estantería Fecha de adquisición Fuente de adquisición Total de préstamos Signatura topográfica completa Código de barras Visto por última vez Precio de reemplazo Tipo de ítem Koha
        Colección de folletos Biblioteca del Ateneo de Madrid Biblioteca del Ateneo de Madrid Depósito folletos 17/01/2008     2064-F-19 1044597 23/02/2023 23/02/2023 Folleto